| 000 | 02720nam0a2200409 4500 | ||
|---|---|---|---|
| 001 | RU\NLR\BIBL_A\022297996 | ||
| 005 | 20260420013328.0 | ||
| 010 |
_a978-5-7558-0681-7 _950 |
||
| 021 |
_aRU _bКН-П-24-038400 _9КН-П-24-3834 |
||
| 035 | _a(NLR Aleph) 022297996 | ||
| 090 |
_a13662675 _c13662675 |
||
| 100 | _a20240813d2024 u y0rusy50 ca | ||
| 101 | 0 | _arus | |
| 102 | _aRU | ||
| 105 | _aa j 000yy | ||
| 181 | 0 |
_ai _baxxe |
|
| 182 | 0 | _an | |
| 200 | 1 |
_aЭкономика, право и менеджмент в условиях цифровой реальности _eучебное пособие _eдля обучающихся по специальности 31.05.01 Лечебное дело _fШурдумова Э. Г., Машукова Е. М., Нагоев А. Б., Кумыкова А. А. _gМинистерство науки и высшего образования Российской Федерации, Федеральное государственное бюджетное образовательное учреждение высшего образования "Кабардино-Балкарский государственный университет им. Х. М. Бербекова" |
|
| 203 |
_aТекст _bвизуальный _cнепосредственный |
||
| 210 |
_aНальчик _cКБГУ _d2024 |
||
| 215 |
_a129 с. _cил. _d21 |
||
| 300 | _aАвт. указаны на обороте тит. с. | ||
| 320 | _aБиблиогр.: с. 125-129 (39 назв.) | ||
| 606 | 1 |
_aИнформационная экономика _jУчебные издания для высших учебных заведений _92085223 _3RU\NLR\AUTH\661261337 |
|
| 606 | 1 |
_aИнформатизация _jУчебные издания для высших учебных заведений _xПравовые вопросы _yРоссийская Федерация _92097924 _3RU\NLR\AUTH\661269169 |
|
| 686 | 1 | _aУ39(2Р)я73 | |
| 686 | 1 | _aХ62ф.я73 | |
| 701 | 1 |
_7ca _8rus _aШурдумова _bЭ. Г. _gЭльмира Газалиевна _9100932 _3RU\NLR\AUTH\77118007 |
|
| 701 | 1 |
_aМашукова _bЕ. М. _cканд. юрид. наук _gЕлена Малильевна _92641805 _3RU\NLR\AUTH\770272122 |
|
| 701 | 1 |
_aНагоев _bА. Б. _f1977- _gАлим Бесланович |
|
| 701 | 1 |
_aКумыкова _bА. А. |
|
| 712 | 0 | 2 |
_4475 _aКабардино-Балкарский государственный университет им. Х. М. Бербекова _cНальчик _9344685 _3RU\NLR\AUTH\889924422 |
| 942 | _cBOOK | ||
| 980 | _aNB | ||